000 00348nam a22001577a 4500
003 SGT
020 _a9780702076435
082 _a610.7367
_bM20M
100 _aMARSHALL, JAYNA
245 _aMYLES TB FOR MIDWIVES
250 _a7TH
260 _aINDIA
_bELSEVIER PUB
_c2020
300 _a1016
650 _aMIDWIFERY NURSING
942 _2ddc
_cBK
_01
999 _c21960
_d21960